Table in the darkness : (Record no. 412)

MARC details
000 -LEADER
fixed length control field 01378cam a2200349 i 4500
005 - DATE AND TIME OF LATEST TRANSACTION
control field 20260322212019.0
008 - FIXED-LENGTH DATA ELEMENTS--GENERAL INFORMATION
fixed length control field data
010 ## - LIBRARY OF CONGRESS CONTROL NUMBER
LC control number 2013032486
020 ## - INTERNATIONAL STANDARD BOOK NUMBER
International Standard Book Number 9780830843084 (pbk. : alk. paper)
020 ## - INTERNATIONAL STANDARD BOOK NUMBER
International Standard Book Number 0830843086
040 ## - CATALOGING SOURCE
Original cataloging agency DLC
Language of cataloging eng
Transcribing agency DLC
Description conventions rda
Modifying agency DLC
042 ## - AUTHENTICATION CODE
Authentication code pcc
050 00 - LIBRARY OF CONGRESS CALL NUMBER
Classification number BV4910.35
Item number .B58 2013
082 00 - DEWEY DECIMAL CLASSIFICATION NUMBER
Classification number 248.8/625
Edition information 23
092 ## - LOCALLY ASSIGNED DEWEY CALL NUMBER (OCLC)
Classification number 248.8 B58 2013
001 - CONTROL NUMBER
control field data
100 1# - MAIN ENTRY--PERSONAL NAME
Personal name Blum, Lee Wolfe,
Dates associated with a name 1972-
245 10 - TITLE STATEMENT
Title Table in the darkness :
Remainder of title a healing journey through an eating disorder /
Statement of responsibility, etc. Lee Wolfe Blum.
264 #1 - PRODUCTION, PUBLICATION, DISTRIBUTION, MANUFACTURE, AND COPYRIGHT NOTICE
Place of production, publication, distribution, manufacture Downers Grove, Illinols :
Name of producer, publisher, distributor, manufacturer IVP Books, an imprint of InterVarsity Press,
Date of production, publication, distribution, manufacture, or copyright notice [2013]
300 ## - PHYSICAL DESCRIPTION
Extent 200 pages, 3 unumbered pages ;
Dimensions 21 cm
336 ## - CONTENT TYPE
Content type term text
Source rdacontent
337 ## - MEDIA TYPE
Media type term unmediated
Source rdamedia
338 ## - CARRIER TYPE
Carrier type term volume
Source rdacarrier
504 ## - BIBLIOGRAPHY, ETC. NOTE
Bibliography, etc. note Includes bibliographical references (page 201).
600 10 - SUBJECT ADDED ENTRY--PERSONAL NAME
Personal name Blum, Lee Wolfe,
Dates associated with a name 1972-
650 #0 - SUBJECT ADDED ENTRY--TOPICAL TERM
Topical term or geographic name entry element Eating disorders
General subdivision Religious life.
-- Religious life.
650 #0 - SUBJECT ADDED ENTRY--TOPICAL TERM
Topical term or geographic name entry element Eating disorders
General subdivision Christianity.
-- Christianity.
650 #0 - SUBJECT ADDED ENTRY--TOPICAL TERM
Topical term or geographic name entry element Eating disorders
General subdivision Patients
Geographic subdivision United States
Form subdivision Biography.
906 ## - LOCAL DATA ELEMENT F, LDF (RLIN)
a 7
b cbc
c orignew
d 1
e ecip
f 20
g y-gencatlg
925 0# -
-- acquire
-- 2 shelf copies
-- policy default
955 ## - COPY-LEVEL INFORMATION (RLIN)
-- rk02 2013-09-24 to Dewey (telework)
-- xl04 2013-09-24
-- rf07 2014-02-10 to BCCD
Holdings
Withdrawn status Lost status Damaged status Not for loan Home library Current library Shelving location Date acquired Total checkouts Full call number Barcode Date last seen Price effective from Koha item type
        Institut Protestant de Théologie Institut Protestant de Théologie General stacks 22/03/2026   248.8/625 23 BC0010422 22/03/2026 22/03/2026 Books